[Event "Santiago op"]
[Site "Santiago de Chile"]
[Date "1999.??.??"]
[Round "3"]
[White "Hoffman, Alejandro"]
[Black "Araya, Gonzalo"]
[Result "1-0"]
[WhiteElo "2547"]
[BlackElo "2200"]
[PlyCount "61"]
[EventDate "1999.??.??"]
[EventType "swiss"]
[EventRounds "9"]
[EventCountry "CHI"]
[SourceTitle "EXT 2000"]
[Source "ChessBase"]
[SourceDate "1999.11.16"]
[SourceVersion "1"]
[SourceVersionDate "1999.11.16"]
[SourceQuality "1"]

1. d4 Nf6 2. c4 e6 3. Nf3 b6 4. e3 Bb7 5. Bd3 Be7 6. 0-0 0-0 7. b3 d5 8. Bb2 Nbd7 9. Nc3 c5 10. Qe2 Bd6 11. Rad1 Qc7 12. cxd5 exd5 13. Ba6 Bc6 14. Bb5 Bb7 15. Rc1 Rfd8 16. Rfd1 Nf8 17. Ba6 Rac8 18. dxc5 bxc5 19. Bxb7 Qxb7 20. Nh4 Ne6 21. Nb5 Be7 22. Nf5 a6 23. Bxf6 gxf6 24. Nxe7+ Qxe7 25. Nc3 Nc7 26. Na4 Nb5 27. Nb6 Rc6 28. Nxd5 Qe5 29. Nf4 Rcd6 30. Rxd6 Qxd6 31. h4 1-0

[Event "Santiago Esucomex op"]
[Site "Santiago de Chile"]
[Date "1998.??.??"]
[Round "6"]
[White "Araya, Gonzalo"]
[Black "Calvo Diez, Pablo"]
[Result "1-0"]
[WhiteElo "2190"]
[BlackElo "2250"]
[PlyCount "77"]
[EventDate "1998.??.??"]
[EventType "swiss"]
[EventRounds "9"]
[EventCountry "CHI"]
[SourceTitle "EXT 1999"]
[Source "ChessBase"]
[SourceDate "1998.11.16"]
[SourceVersion "1"]
[SourceVersionDate "1998.11.16"]
[SourceQuality "1"]

1. f4 d5 2. Nf3 c5 3. e3 Nc6 4. Bb5 a6 5. Bxc6+ bxc6 6. 0-0 Nf6 7. Ne5 Qc7 8. b3 Nd7 9. Bb2 e6 10. d3 Nxe5 11. Bxe5 Qd7 12. Nd2 f6 13. Bb2 Bb7 14. e4 0-0-0 15. Qe1 Be7 16. Nb1 Rdf8 17. Nc3 Bd6 18. Na4 Qc7 19. e5 fxe5 20. Bxe5 Rf5 21. Bxg7 Re8 22. Bh6 Bxf4 23. Bxf4 Rxf4 24. Rxf4 Qxf4 25. Qf2 Qd4 26. Re1 Kc7 27. Nxc5 Qxf2+ 28. Kxf2 Bc8 29. d4 Kd6 30. Re5 Rf8+ 31. Ke2 Rf6 32. Rg5 Rg6 33. Rxg6 hxg6 34. Nd3 Bd7 35. b4 Bc8 36. h4 Bd7 37. Ke3 Kc7 38. Kf4 Kb6 39. Kg5 1-0